Tư tưởng biện chứng trong triết học Hy Lạp cổ đại
Giới thiệu khái quát về điều kiện và tiền đề cho sự hình thành tư tưởng biện chứng trong triết học Hy Lạp cổ đại, tư tưởng biện chứng trong triết học tự nhiên cũng như trong nhận thức luận của triết học Hy Lạp cổ đại
保存先:
| 第一著者: | |
|---|---|
| フォーマット: | 図書 |
| 言語: | Vietnamese |
| 出版事項: |
H.
Chính trị Quốc gia
2013
|
| 主題: | |
| タグ: |
タグ追加
タグなし, このレコードへの初めてのタグを付けませんか!
|
| Thư viện lưu trữ: | Mạng thư viện Đại học Đà Nẵng |
|---|
| LEADER | 01580aam a22003858a 4500 | ||
|---|---|---|---|
| 001 | 000019886 | ||
| 003 | 16327 | ||
| 005 | 20141128141129.0 | ||
| 008 | 141125s2013 viesd | ||
| 020 | |c 44000đ |d 500b | ||
| 041 | 0 | |a vie | |
| 082 | 1 | 4 | |2 14 |a 182 |b ĐI-X |
| 100 | 1 | |a Đinh Thanh Xuân | |
| 245 | 1 | 0 | |a Tư tưởng biện chứng trong triết học Hy Lạp cổ đại |c Đinh Thanh Xuân |
| 260 | |a H. |b Chính trị Quốc gia |c 2013 | ||
| 300 | |a 259 tr. |c 21 cm. | ||
| 504 | |a Thư mục: tr. 249-256 | ||
| 520 | |a Giới thiệu khái quát về điều kiện và tiền đề cho sự hình thành tư tưởng biện chứng trong triết học Hy Lạp cổ đại, tư tưởng biện chứng trong triết học tự nhiên cũng như trong nhận thức luận của triết học Hy Lạp cổ đại | ||
| 650 | 0 | 4 | |2 Bộ TK TVQG |a Triết học cổ đại |x Tư tưởng biện chứng |z Hy Lạp |
| 650 | 7 | |2 Bộ TK TVQG | |
| 650 | 7 | |2 Bộ TK TVQG | |
| 651 | 7 | |2 Bộ TK TVQG |a Hy Lạp | |
| 653 | |a Triết học cổ đại | ||
| 653 | |a Biện chứng | ||
| 653 | |a Triết học Hy Lạp | ||
| OWN | |a LSP | ||
| AVA | |a UDN50 |b LSP |d 182 ĐI-X |e available |t Error 5001 Not defined in file expand_doc_bib_avail. |f 5 |g 0 |h N |i 0 |k 1 | ||
| 999 | |a From the UDN01 | ||
| AVA | |a UDN50 |b LSP |d 182 ĐI-X |e available |t Error 5001 Not defined in file expand_doc_bib_avail. |f 5 |g 0 |h N |i 0 |k 1 | ||
| TYP | |a Monograph | ||
| TYP | |a Printed language | ||
| 980 | |a Mạng thư viện Đại học Đà Nẵng | ||